خواب و خيال (Record no. 2592)
[ view plain ]
| 000 -LEADER | |
|---|---|
| fixed length control field | 00955nam a22002417a 4500 |
| 005 - DATE AND TIME OF LATEST TRANSACTION | |
| control field | 20081106161657.0 |
| 008 - FIXED-LENGTH DATA ELEMENTS--GENERAL INFORMATION | |
| fixed length control field | 081106t xxu||||| |||| 00| 0 ur d |
| 010 ## - LCCN (DPL NO) | |
| LC control number | UR-7229 |
| 020 ## - INTERNATIONAL STANDARD BOOK NUMBER | |
| Terms of availability | 200.00 |
| International Standard Book Number | 8188413402 |
| 035 ## - SYSTEM CONTROL NUMBER | |
| System control number | U-5796 |
| 037 ## - SOURCE OF ACQUISITION | |
| Source of stock number/acquisition | D.B.Act/pub |
| 082 ## - DEWEY DECIMAL CLASSIFICATION NUMBER | |
| Classification number | 841 |
| 100 ## - MAIN ENTRY--PERSONAL NAME | |
| Personal name | رحيم اللہ شاد |
| 245 ## - TITLE STATEMENT | |
| Title | خواب و خيال |
| Statement of responsibility, etc | رحيم اللہ شاد |
| Remainder of title | شعر ی مجمعوعہ |
| 246 ## - VARYING FORM OF TITLE | |
| Title proper/short title | Khwab-0- Khayal |
| Remainder of title | by Rahimullah Shad |
| 260 ## - PUBLICATION, DISTRIBUTION, ETC. (IMPRINT) | |
| Place of publication, distribution, etc | نئ دھلی |
| Name of publisher, distributor, etc | ايم آر پبليکيشنز |
| Date of publication, distribution, etc | 2006 |
| 270 ## - ADDRESS | |
| Address | 2652/55،پہلی منزل کوچہ چيلان دريا گنج |
| City | نئ دھلی |
| Postal code | 110002 |
| Telephone number | 9810784549 |
| Electronic mail address | addus26@hotmail.com |
| 300 ## - PHYSICAL DESCRIPTION | |
| Extent | 183p |
| Dimensions | 22cm/Hb |
| 650 ## - SUBJECT ADDED ENTRY--TOPICAL TERM | |
| Topical term or geographic name as entry element | شعری مجمعوعہ |
| 650 ## - SUBJECT ADDED ENTRY--TOPICAL TERM | |
| Topical term or geographic name as entry element | Urdu Poetry |
| 942 ## - ADDED ENTRY ELEMENTS (KOHA) | |
| Institution code [OBSOLETE] | dpl |
| Item type | Urdu Bks |
| Source of classification or shelving scheme | Dewey Decimal Classification |
| Classification part | 841 |
| Call number suffix | ر ح ی |
| Withdrawn status | Lost status | Source of classification or shelving scheme | Damaged status | Not for loan | Collection code | Home library | Current library | Date acquired | Cost, normal purchase price | Total Checkouts | Full call number | Barcode | Date last seen | Copy number | Cost, replacement price | Koha item type |
|---|---|---|---|---|---|---|---|---|---|---|---|---|---|---|---|---|
| Dewey Decimal Classification | Not For Loan | Non-fiction | D.B.Act.Division | D.B.Act.Division | 06/11/2008 | 200.00 | 841 ر ح ی | U-5796 | 15/09/2008 | 1 | 200.00 | Urdu Bks |
